000 00571cas a2200217 a 4500
022 _a0167-1987
040 _cCPS
082 _a631 ELS 1986 1986 A106 Or.
245 0 0 _aSoil & tillage research.
246 3 0 _aSoil and tillage research
260 _aAmsterdam :
_bElsevier Scientific Pub. Co.,
_c1980-
300 _av. :
_bill. ;
_c24 cm.
650 0 _aSoil management
650 0 _aTillage
650 6 _aSols
650 6 _aSols
650 7 _aSoil management.
650 7 _aTillage.
710 2 _aInternational Soil Tillage Research Organization.
942 _cEK
999 _c16528
_d16528